000 01511nam0a2200301 4500
001 RU\NLR\BIBL_A\011465040
005 20240921153805.0
010 _a9785979309910
_9100
021 _aRU
_b2017-58484
_94151
035 _a(RuMoRGB)008957350
035 _a(NLR Aleph) 011465040
090 _a11823571
_c11823571
100 _a20170904d2017 km y0rusy50 ca
101 0 _arus
102 _aRU
105 _aa j 000zy
200 1 _aПатофизиология печени
_eучебно-методическое пособие для обучающихся по направлению подготовки 31.05.01 Лечебное дело
_fВ. Г. Банзаракшеев
_gМинистерство образования и науки Российской Федерации, Бурятский государственный университет
210 _aУлан-Удэ
_cИзд-во Бурятского госуниверситета
_d2017
215 _a72, [1] с.
_cил.
_d21
320 _aБиблиогр.: с. 71 (12 назв.)
606 1 _aПечень
_jУчебно-методические пособия для высших учебных заведений
_xПатологическая физиология
_91869780
_3RU\NLR\AUTH\66848662
686 _aР252.735я73-14
_2rubbk
686 1 _aР252.735я73
700 1 _aБанзаракшеев
_bВ. Г.
_gВиталий Гамбалович
942 _cBOOK
980 _aNBR